Responses for Show #1493 - Wednesday, February 13, 1991

1991 Teen Tournament quarterfinal game 3.

Contestants

[<< previous game]

Andy Westney, a senior from Atlanta, Georgia

Hanna Stotland, a sophomore from Chicago, Illinois

Julie Knauer, a senior from Newtown, Connecticut

[next game >>]

Jeopardy! Round responses

U.S. GOVERNMENT
TOYS & GAMES
FOOD PROVERBS
MOUNTAIN CHAINS
ACTORS & ACTRESSES
SPELLING
    $100 1
judicial

Julie
    $100 3
Toys "R" Us

Julie
    $100 14
spilled milk

Andy
    $100 20
the Himalayas

Hanna
    $100 12
Clint Eastwood

Julie
    $100 11
D-I-P-L-O-M-A

Andy
    $200 2
a filibuster

Andy
    $200 5
Lincoln Logs

Andy
    $200 17
the pudding

Hanna
    $200 22
the Andes

Julie
    $200 13
Julia Roberts

Hanna
    $200 26
T-U-I-T-I-O-N

Hanna
    $300 4
the Electoral College

Andy
    $300 6
Bingo

Hanna
    $300 18
an apple

Hanna
    $300 23
the Alps

Julie
    $300 15
Denzel Washington

Julie
    $300 28
a C-O-R-S-A-G-E

Hanna
    $400 8
the Justice Department

Julie
    $400 7
a yo-yo

Julie
    $400 19
vinegar

Julie
    $400 24
the Adirondacks

Andy
    $400 16
Kevin Kline

Andy
    $1,400 29
S-A-B-B-A-T-I-C-A-L

Hanna
    $500 9
Prohibition

Andy
    $500 10
Risk

Julie
    $500 21
an omelet

Julie
    $500 27
(Julie: I'll have to take SPELLING for $300.)
(Alex: Yes, you will.)

the Atlas Mountains

Julie
    $500 25
Mel Gibson

Andy
    $500 30
(Andy: What is [**]?)
(Hanna: What is P-H-I-L, uh, E-L-Y?)
[Andy's spelling was ruled incorrect and the decision was reversed after the break to credit him with a correct response as well as to erase Hanna's incorrect response as counting against her score.]

P-H-I-L-A-T-E-L-Y (**P-H-I-L-A-T-E-L-I-S-M)

Andy

Scores at the first commercial break (after clue 16):

Julie Hanna Andy
$1,900 $500 $1,800

Scores at the end of the Jeopardy! Round:

Julie Hanna Andy
$3,800 $3,000 $3,200

Double Jeopardy! Round responses

THE 1980s
POETS
ANCIENT ROME
SCIENCE & NATURE
PEOPLE
JUST SAY "NO"
    $200 3
Iran

Julie
    $200 4
Longfellow

Hanna
    $200 2
Jupiter

Andy
    $200 12
rust

Andy
    $200 20
Sally Ride

Hanna
    $200 26
No more tears

Andy
    $400 6
AT&T

Andy
    $2,500 13
Frost

Andy
    $400 17
founded the new Rome

Julie
    $400 10
an acorn

Hanna
    $400 21
Benazir Bhutto

Hanna
    $400 27
Dr. No

Julie
    $600 7
Palm Springs

Triple Stumper
    $600 14
Emma Lazarus

Andy
    $600 18
the Senate

Andy
    $600 1
time

Julie
    $600 22
Ari Onassis

Julie
    $600 28
No Nonsense

Julie
    $800 8
Live Aid

Julie
    $800 15
Carl Sandburg

Triple Stumper
    $800 19
Carthage

Andy
    $800 5
the tides

Andy
    $700 24
(Alex: He was the prime minister of Sweden.)

Stockholm

Andy
    $800 30
No Way Out

Andy
    $1000 9
Gary Hart

Hanna
    $1000 16
(Andy: Who is Mary Shelley?)
(Julie: Who is Browning?)
(Alex: Be more specific.)

Elizabeth Barrett Browning

JulieAndy
    $1000 23
Nero

Andy
    $1000 11
the Mesozoic Era

Triple Stumper
    $1000 25
(Alex: We have a minute to go, Andy.)

William Paley

Triple Stumper
    $1000 29
(Julie: What is, "Read my lips: [*]"?)

no new taxes

Julie

Scores at the end of the Double Jeopardy! Round:

Julie Hanna Andy
$9,400 $5,200 $11,000

Final Jeopardy! Round responses

FRENCH HISTORY
HannaWho was Napoleon II?
$5,000
JulieWho was Lafayette?
$3,200
AndyWho is B. Arnold?
$0
Lafayette

Final scores:

Julie Hanna Andy
$12,600 $200 $11,000
Automatic semifinalist 3rd place: $1,000 if eliminated 2nd place: $1,000 if eliminated

Game dynamics:

Coryat scores:

Julie Hanna Andy
$9,400 $4,200 $9,000
21 R,
0 W
13 R
(including 1 DD),
0 W
22 R
(including 2 DDs),
1 W

Combined Coryat: $22,600

[game clues] [game scores] [suggest correction]

Game tape date: 1991-01-19
The J! Archive is created by fans, for fans. Scraping, republication, monetization, and malicious use prohibited; this site may use cookies and collect identifying information. See terms. The Jeopardy! game show and all elements thereof, including but not limited to copyright and trademark thereto, are the property of Jeopardy Productions, Inc. and are protected under law. This website is not affiliated with, sponsored by, or operated by Jeopardy Productions, Inc. Join the discussion at JBoard.tv.